Gilmore Girls - An Advanced Quiz For True Fans - Statistics

General Stats
  • This quiz has been taken 1,130 times
  • The average score is 5 of 33
Answer Stats
Hint Answer % Correct
How many yellow daisies does Max Medina give Lorelai before proposing to her? 1000
70%
In how many episodes does Luke not appear in any of the scenes? 3
49%
Lane's mother is a Christian. What is her grandmother's religion? Buddhism
44%
What is the name of Logan Hanzberger's sister? Honor
37%
What is Rory Gilmore's middle name? Leigh
36%
What is Kirk's surname? Gleason
31%
Mr Richard Gilmore was engaged to another lady before he married his wife Emily. What was her name? Pennilyn Lott
29%
What did Rory and Lane share in kindergarten before becoming friends? Crayons
27%
What are the names of Lane Kim's twins? Steve and Kwan
24%
Tristan Dugray obtains two tickets and invites Rory to a concert. Whose concert was it? PJ Harvey
23%
The name of Lane Kim's band is an anagram of the name of the show creator's best friend. What is her name? Helen Pai
18%
What is the full name of Chilton's headmaster? Hanlin Charleston
16%
Who calls Rory 'Typhoid Mary' during her time at Chilton? Louise
16%
What is the name of Jess Mariano's first book? The Subsect
15%
Luke's sister is married to T.J. but that's not his real name. What is his real name? Gary
14%
Stars Hollow's main troubadour is a character played by Grant-Lee Phillips, an accomplished singer-songwriter and multi-instrumentalist. Which one of his best songs played in the show shares its name with a famous painting? Mona Lisa
13%
In Episode 2 of Season 6, Rory Gilmore speaks in (fake) broken Spanish to her grandmother's maid. What is the name of the maid? Esperanza
9%
In the morning of her 21st birthday, Rory relives a speech her mother Lorelai gave her on her 16th birthday. Who repeats Lorelai's lines? Madeline Albright
9%
Gilmore Girls contains many acoustic guitar cue melodies that are instantly recognizable such as 'To Dream'. Who created and performed this wonderful music? Sam Phillips
9%
Sherilyn Fenn plays two roles in the series. The first is as Anna Nardini, the mother of Luke's daughter April. What is the other character she played? Sasha
8%
What is Lane Kim's Korean name? Hyung-Hyung
6%
Rory and Paris share an apartment during their last year at Yale. The poster of whom do they have hanging on the wall? Noam Chomsky
6%
When she is at the Hanzberger residence for the first time, Rory notices a picture made by a famous artist. Who is it? Velazquez
6%
Which famous choreographer directed various episodes of the Gilmore Girls? Kenny Ortega
5%
How does Lorelai describe her first labor? Like doing the splits on a crate of dynamite
3%
After Yale, where does Paris Gellar decide to go continue her Master degree? Medical school
1%
What are the names of Rory's roommates as a freshman at Yale? Tanna, Janet and Paris
1%
Jason Stiles, one of Lorelai's boyfriends, had a very smart and obedient dog called Cyrus. By who was Cyrus trained? The monks of New Skete
1%
How many 'kropogs' are there from Berkeley to Rory's building at Yale? 90 kropogs or so
0%
What is the name of the last song that is heard in the final episode? By who? Inside Out by The Mighty Lemon Drops
0%
Emily Gilmore's eccentric fashion consultant is an old lady called Miss Celine. She tends to rename people according to their famous lookalike. How does she call Lorelai and Rory? Natalie Wood and Audrey Hepburn in Sabrina
0%
Where do Hep Alien play their last concert during their Seventh Day Adventist Church Tour? Whinfield Church
0%
In Episode 19 of Season 2, Kirk breakdances in his own movie. Which song was he dancing to? White Lines by Melle Mel
0%
No matching quizzes found
Score Distribution
Percent of People with Each Score
Percentile by Number Answered
Your Score History
You have not taken this quiz